Statistics for New Orleans Pelicans Best Team By Decade

Click here to take the quiz!

General Stats

  • This quiz has been taken 37 times
    (8 since last reset)
  • The average score is 11 of 15

Answer Stats

SeasonPlayer% Correct
2017-18Anthony Davis
100%
2021-22Brandon Ingram
100%
2007-08Chris Paul
100%
2021-22Zion Williamson
100%
2021-22CJ McCollum
88%
2007-08David West
88%
2017-18DeMarcus Cousins
88%
2021-22Jonas Valančiūnas
88%
2017-18Jrue Holiday
75%
2017-18Rajon Rondo
75%
2021-22Herbert Jones
63%
2007-08Tyson Chandler
63%
2007-08Peja Stojaković
50%
2017-18E'Twaun Moore
13%
2007-08Morris Peterson
13%

Score Distribution

Percentile by Number Answered

Percent of People with Each Score

Your Score History

You have not taken this quiz since the last reset